Dragonball Z death in chronological order - Statistics

Statistiche generali
  • Questo quiz è stato fatto 46 volte
  • Il punteggio medio è 18 su 42
Statistiche sulle risposte
Hint Risposta % Corretto
What do you mean the MC died on episode 5? Goku
94%
Couldn't you just teleportedthem away.. Goku/King Kai/Bubbles
94%
Why he couldn't teleported them away.. Gohan/Piccolo/Goten/Trunks
82%
Good Buffet Android 18/Krillin/Roshi/Yamcha/Marron/Ox-king/Puar/Bulma/Videl/Popo/Oolong
79%
It seems he wasn't a SSJ after all.. Vegeta
79%
My guy ain't seeing heaven Vegeta
79%
The Spark that started it all.. Krillin
74%
maybe his PL is not 1006.. Nappa
74%
Perfection itself can't win against a10 years old Cell
68%
MY BABY BOY Future Trunks
68%
Are you waiting for your girlfriend? Imperfect Cell
68%
WHY YOU DIDN'T DODGE Piccolo
68%
The most iconic pose of all time Yamcha
62%
Arrived->Changed the storyentirely->Died Raditz
59%
Revealed the true fate ofplanet Vegeta -> Died Dodoria
50%
Take a biscuit Guldo
50%
Good omelette Chi Chi
47%
The Beauty and the Beast Zarbon
47%
He seemed so reseliant the previoussaga.. Frieza
41%
Bro died to the power of friendship Kid buu
41%
He couldn't control him like his fatherdid Babidi
38%
Too bad he couldn't regrow his arm Tien
38%
Too fast to see that knee coming Burter
35%
You have a cool sword boy King Cold
32%
THIS IS FOR GOHAN Android 18
29%
Too good for the Zenkai exploit Dende
29%
Austrialian lad Jeice
29%
1v1 is far worse than 2v1 Android 17
26%
Look! There's Frieza behind you! Cui
26%
The Spark that started it all.. again Android 16
24%
Pink explosion Chiaotzu
21%
His gravity didn't help him so much Pui Pui
21%
Yes, they indeed prove fear Android 19
18%
He was a great Lama Dabura
18%
You don't bite the hand that feeds you Android 20
15%
Retired grandpa on a chair Guru
15%
He didn't have to go that hard againstVidel Spopovich
15%
First Goku kill in DragonBall Z Yakkon
15%
Killed point blank by the guy you werewatching a second ago Kibito
9%
Maybe don't run in a straight direction Yamu
9%
Too stupid to see that elbow coming Reecome
6%
Don't stay too close to healing pods Apulle
3%
Nessun quiz corrispondente trovato
Distribuzione punteggi
Percentuale di utenti per punteggio
Percentile per numero di risposta
I tuoi punteggi nel tempo
Non hai fatto questo quiz